Регионална библиотека "Любен Каравелов" - Русе

Данъчно облагане 2001 (Запис номер 32969)

MARC детайли
000 -Лидер
Контролно поле с фиксирана дължина 01517nam a2200313 c 4500
003 - Код на организацията, давaща контролен номер
Контролно поле BLK
005 - Дата и час на последна редакция
Контролно поле 20180420220614.0
008 - Елементи от данни с фиксирана дължина
fixed length control field 180408b bul|||||r ||||||| ||bul||
010 ## - Наследен системен номер
LC control number KNG00035650000
020 ## - Международен стандартен номер на книга ISBN
Международен стандартен номер на книга ISBN 954-649-338-4
-- издат.: Сиела Софт енд Паблишинг
040 ## - Източник на каталожния запис
Идентификатор на билиотеката - собственик на записа BLK
041 ## - Код за език
Код за езика на текст/звукозапис или на отделно заглавие Български
Код за езика КДБФ Български
080 ## - УДК
Текстов определител УДК Обществени финанси. Финансово законодателство. Подразделя се със знака за съотношение и индекса 336. 12
УДК код - определител по УДК 351.72
УДК определител :336.2(497.2)(094.9)
УДК - код + определител 351.72:336.2(497.2)(094.9)
110 1# - Редна дума - колетивен орган
Редна дума - наименование на организация или юридическо лице България. Закони и др. п.
9 (RLIN) 243213
139 ## - Редно поле
Редна дума България. Закони и др. п.
Авторски знак Бъл - Б 92
245 10 - Сведения за заглавието
Заглавие Данъчно облагане 2001
Подзаглавни данни Към ДВ, бр. 15 от 2001 г.
257 ## - Страна на издаване
Страна на създаване/издаване България
260 ## - Област на издателските данни
-- София
Име на издателя, разпространителя и проч. Сиела Софт енд Паблишинг
Година на издаване 2001
300 ## - Физическа характеристика
Страници 494 с.
Размери/Мащаб 21 см
380 ## - Жанр
Жанр Обществени науки
500 ## - Общи забележки
Забележка Закон за местните данъци и такси ; Закон за корпоративното подоходно облагане ; Закон за ДДС ; Правилник за прилагане на Закона за ДД
650 #4 - Допълнително описание по предмет – тема
Основно описание – тема или топоним Данъци - България - законодателни и директивни материали
9 (RLIN) 249104
653 ## - Ключова дума – ненормативна
Ключова дума данъчно облагане
852 ## - Местоположение
Форматна сигнатура Цб 207934
856 4# - Електронен адрес и достъп
Електронен формат pdf - файл
Път до файла /url/
856 4# - Електронен адрес и достъп
Електронен формат pdf - файл
Път до файла /url/
942 ## - АРТИКУЛИ
Вид на библиотечния материал Книги
Скрит в OPAC Не
944 ## - СЪЗДАВАНЕ И РЕДАКЦИЯ на ЗАПИСА
Създаване/Редакция Създаване
Дата на регистрацията/редакция 15.01.2003
Служител, извършил регистрацията/редакцията AB_DOS
944 ## - СЪЗДАВАНЕ И РЕДАКЦИЯ на ЗАПИСА
Създаване/Редакция Редакция
Дата на регистрацията/редакция 15.01.2003
Служител, извършил регистрацията/редакцията
999 ## - СИСТЕМНИ КОНТРОЛНИ НОМЕРА
Koha biblionumber 32969
Koha biblioitemnumber 32969
Наличности
Код за отписване Код за изгубен артикул Източник на класификационната схема Код за повреда Коз за рестрикции Код за отдаване Артикулен № Име на библиотеката - собственик Име на библиотеката, в която се намира в момента Статус (Текущо местоположение) Дата на вписване в системата Местоположение - отдел Цена в лева Инвентарен номер Систематично азбучна сигнатура Баркод Номер на екземпляра Цена в евро Служебен тип на артикула
  Не е изгубен Universal Decimal Classification Не е повреден без рестрикции ползва се в читалня 52639 Регионална библиотека "Любен Каравелов" Русе Регионална библиотека "Любен Каравелов" Русе Хранилище 2001-01-01 Основен фонд - ползва се само за читалня 9.50 662863 Цб 207934 120000662863 1 4.86 Книги
Изтеглен Не е изгубен Universal Decimal Classification Не е повреден без рестрикции заемане за дома 52640 Регионална библиотека "Любен Каравелов" Русе Регионална библиотека "Любен Каравелов" Русе Заемна - подръчен фонд 2001-01-01 Заемна - подръчен фонд 9.50 666003 П 351/Б 92 666003 2 4.86 Книги
Vip Innovations Ltd, Rousse, Bulgaria 2025